Từ điển tiếng Việt : (38410 mục từ)

Đã lưu trong:
書目詳細資料
主要作者: Hoàng, Phê
格式: 圖書
語言:Undetermined
出版: Đà Nẵng Nhà xuất bản Đằ Nẵng 1998
主題:
標簽: 添加標簽
沒有標簽, 成為第一個標記此記錄!
Thư viện lưu trữ: Trung tâm Học liệu Trường Đại học Cần Thơ
LEADER 00599nam a2200205Ia 4500
001 CTU_28416
008 210402s9999 xx 000 0 und d
020 |c 98000 
082 |a 495.92203 
082 |b Ph250 
100 |a Hoàng, Phê 
245 0 |a Từ điển tiếng Việt : 
245 0 |b (38410 mục từ) 
245 0 |c Hoàng Phê (Chủ biên) 
260 |a Đà Nẵng 
260 |b Nhà xuất bản Đằ Nẵng 
260 |c 1998 
650 |a Vietnamese language 
904 |i Minh, Giang sửa 
980 |a Trung tâm Học liệu Trường Đại học Cần Thơ